书目信息 |
| 题名: |
大气物理学
|
|
| 作者: | 银燕 编著 | |
| 分册: | ||
| 出版信息: | 北京 气象出版社 2018 |
|
| 页数: | 198页 | |
| 开本: | 23cm | |
| 丛书名: | ||
| 单 册: | ||
| 中图分类: | P401 | |
| 科图分类: | ||
| 主题词: | 大气物理学--da qi wu li xue--高等学校--教材 | |
| 电子资源: | ||
| ISBN: | 978-7-5029-6853-3 | |
| 000 | 00874nam0 2200265 450 | |
| 001 | 012001002994 | |
| 005 | 20140126131936.0 | |
| 010 | @a978-7-5029-6853-3@dCNY45.00 | |
| 099 | @aCAL 012019030342 | |
| 100 | @a20190225d2018 em y0chiy50 ea | |
| 101 | 0 | @achi |
| 102 | @aCN@b110000 | |
| 105 | @aak a 000yy | |
| 106 | @ar | |
| 200 | 1 | @a大气物理学@Ada qi wu li xue@f银燕 ... [等] 编著 |
| 210 | @a北京@c气象出版社@d2018 | |
| 215 | @a198页@c图@d23cm | |
| 320 | @a有书目 | |
| 330 | @a本书不求大而全, 但求少而精, 力求把所讨论的问题讲透彻。主要集中在大气热力学、大气辐射、云降水物理及与雾霾关系密切的大气气溶胶。 | |
| 333 | @a“十三五”江苏省高等学校重点教材 (编号: 2016-2-117) | |
| 606 | 0 | @a大气物理学@Ada qi wu li xue@x高等学校@j教材 |
| 690 | @aP401@v5 | |
| 701 | 0 | @a银燕@Ayin yan@4编著 |
| 801 | 0 | @aCN@b北京卓展@c20191020 |
| 905 | @b1210018-21@dP401@e158@f4 | |
| 大气物理学/银燕 ... [等] 编著.-北京:气象出版社,2018 |
| 198页:图;23cm |
| 使用对象:“十三五”江苏省高等学校重点教材 (编号: 2016-2-117) |
| ISBN 978-7-5029-6853-3:CNY45.00 |
| 本书不求大而全, 但求少而精, 力求把所讨论的问题讲透彻。主要集中在大气热力学、大气辐射、云降水物理及与雾霾关系密切的大气气溶胶。 |
| ● |
| 相关链接 |
|
|
|
|
正题名:大气物理学
索取号:P401/158
 
预约/预借
| 序号 | 登录号 | 条形码 | 馆藏地/架位号 | 状态 | 备注 |
| 1 | 1210018 | 212100180 | 第二样本阅览室/ [索取号:P401/158] | 在馆 | |
| 2 | 1210019 | 212100199 | 第三借阅区/ [索取号:P401/158] | 在馆 | |
| 3 | 1210020 | 212100206 | 第三借阅区/ [索取号:P401/158] | 在馆 | |
| 4 | 1210021 | 212100215 | 第三借阅区/ [索取号:P401/158] | 在馆 |